| 000 | 00534nam a2200169 i 4500 | ||
|---|---|---|---|
| 001 | 22803 | ||
| 003 | ES-MaACL | ||
| 005 | 20230906152747.0 | ||
| 007 | t| | ||
| 008 | 021204s1905 sp ||||1| spa d | ||
| 100 | 1 |
_aAlós, Diego de. _920445 |
|
| 245 | 1 | 0 |
_aTésis para el grado de doctor / _cdel alumno Diego de Alós. |
| 260 |
_aMadrid : _b[s.n.], _c1905 ( _fEst. tip. de V. Montalvo y C.) |
||
| 300 |
_a20 p. ; _c23 cm. |
||
| 500 | _aTema de la tésis: El delito, su vida, génesis o generación. | ||
| 852 |
_aES-MaACL _jT-1035-F-7 |
||
| 999 |
_c22803 _d22803 |
||